000 00921nam0a22002651 4500
001 rc\2773881
005 20250805160813.4
035 _a(NLR Aleph) 006900202
090 _a7239469
_c7239469
100 _a20110915d1941 |||y0rusy50 ca
101 0 _arus
102 _aRU
105 _ay z |||||
200 1 _aВыступление по радио Председателя Государственного комитета обороны И. В. Сталина 3 июля 1941 года
210 _a[Ленинград]
_cВоенмориздат
_d1941
215 _a11 с.
_d14 см.
300 _aБез тит. л.
700 1 _aСталин
_bИ. В.
_gИосиф Виссарионович
801 0 _aRU
_bNLR
_gpsbo
801 1 _aRU
_bELAR
_2rusmarc
852 _aNLR
_jС 1-41/1-13
942 _cBOOK
945 _aРоссийская национальная библиотека
980 _aNB
980 _aBV